Joueurs français en Premier League (saison 2025-26) - Statistiques

Statistiques générales
  • Ce quiz a été pris 269 fois
  • Le résultat moyen est 20 sur 50
Statistiques - réponses
Poste Club Joueur % Correct
DC Arsenal FC William Saliba
97%
DG Aston Villa Lucas Digne
92%
DC FC Liverpool Ibrahima Konaté
86%
DD Chelsea FC Malo Gusto
81%
G West Ham United Alphonse Aréola
80%
MDéf Aston Villa Boubacar Kamara
79%
AD Manchester City Rayan Cherki
79%
AC FC Liverpool Hugo Ekitiké
78%
AD AFC Sunderland Abdoullah Ba
76%
DC Chelsea FC Wesley Fofana
76%
DC Manchester United Leny Yoro
73%
DC Chelsea FC Axel Disasi
70%
DC Chelsea FC Benoît Badiashile
70%
AC Crystal Palace Jean-Philippe Mateta
70%
AC Chelsea FC Cristopher Nkunku
67%
G Leeds United Illan Meslier
61%
AC Tottenham Hotspur Mathys Tel
60%
DG Manchester City Rayan Aït-Nouri
51%
MC AFC Sunderland Enzo Le Fée
49%
AD Manchester United Bryan Mbeumo
46%
AD Tottenham Hotspur Wilson Odobert
40%
AC AFC Bournemouth Eli Junior Kroupi
39%
DG AFC Bournemouth Adrien Truffert
37%
DC AFC Bournemouth Bafodé Diakité
36%
AC Brighton & Hove Albion Georginio Rutter
35%
DC Crystal Palace Maxence Lacroix
34%
AC AFC Sunderland Wilson Isidor
29%
DD AFC Sunderland Nordi Mukiele
28%
AC Crystal Palace Odsonne Edouard
27%
AG FC Everton Iliman Ndiaye
26%
DC Burnley FC Maxime Estève
24%
MC Wolverhampton Wanderers Jean-Ricner Bellegarde
22%
AC FC Everton Thierno Barry
22%
BU Aston Villa Evann Guessand
21%
AC FC Brentford Yoane Wissa
21%
G FC Fulham Benjamin Lecomte
20%
AC Manchester United Arnaud Kalimuendo
18%
DC Brighton & Hove Albion Olivier Boscagli
17%
DC Nottingham Forest Willy Boly
15%
MD AFC Bournemouth Romain Faivre
14%
MDéf Burnley FC Lesley Ugochukwu
12%
AG West Ham United Maxwel Cornet
8%
DG AFC Sunderland Arthur Masuaku
7%
MC AFC Sunderland Habib Diara
7%
MOff Burnley FC Hannibal Mejbri
7%
DD AFC Sunderland Thimothée Pembéle
6%
AC AFC Sunderland Eliezer Mayenda
5%
G Crystal Palace Walter Benitez
5%
G Burnley FC Etienne Green
3%
MC Crystal Palace Naouirou Ahamada
3%
Aucun quiz correspondant
Distribution des résultats
% des personnes avec chaque résultat
Percentile par nombre de réponses
Votre historique - résultats
Vous n’avez pas pris ce quiz